La participación ciudadana en grandes ciudades (Registro nro. 159128)

Detalles MARC
000 -LEADER
fixed length control field 01692ny a22003133n 4500
008 - FIXED-LENGTH DATA ELEMENTS--GENERAL INFORMATION
fixed length control field s2006 sp 001 0 spa c
020 ## - INTERNATIONAL STANDARD BOOK NUMBER
International Standard Book Number 9788497727853
035 ## -
-- 1377
040 ## - CATALOGING SOURCE
Original cataloging agency SpMaUCCP
Modifying agency vLex
080 ## -
-- 323.2
090 ## -
-- 605
-- 605
245 03 - TITLE STATEMENT
Title La participación ciudadana en grandes ciudades
Medium [Recurso electrónico]
Statement of responsibility, etc Manuel Villoria, âAngel Iglesias Alonso, Leticia Delgado Godoy (coordinadores)
256 ## -
-- Servicio en línea
260 ## - PUBLICATION, DISTRIBUTION, ETC. (IMPRINT)
Place of publication, distribution, etc Madrid :
Name of publisher, distributor, etc Dykinson,
Date of publication, distribution, etc 2006
300 ## - PHYSICAL DESCRIPTION
Extent p. ;
Dimensions cm
500 ## - GENERAL NOTE
General note Incluye las ponencias presentadas en el Primer Congreso Internacional de Participación Ciudadana de Madrid, así como las comunicaciones aportadas en el Seminario Municipal "Participación Ciudadana, un Elemento de Modernización del Gobierno Loc
506 1# - RESTRICTIONS ON ACCESS NOTE
Terms governing access Contenido solo disponible en los productos indicados
Authorized users vLex Global
-- vLex Global (Academic Edition, excluding Law Schools)
-- vLex Global (U.S. Academic Edition, Law Schools)
-- vLex Global (U.S. Academic Edition, excluding Law Schools)
-- vLex Global (Academic Edition, Law Schools)
650 07 - SUBJECT ADDED ENTRY--TOPICAL TERM
Topical term or geographic name as entry element Tributario
Source of heading or term Tesauro vLex
650 07 - SUBJECT ADDED ENTRY--TOPICAL TERM
Topical term or geographic name as entry element Participación ciudadana
Source of heading or term Tesauro vLex
700 1# - ADDED ENTRY--PERSONAL NAME
Personal name Delgado Godoy, Leticia,
Relator term coord.
700 1# - ADDED ENTRY--PERSONAL NAME
Personal name Iglesias Alonso, Ángel,
Relator term coord.
700 1# - ADDED ENTRY--PERSONAL NAME
Personal name Villoria Mendieta, Manuel,
Relator term coord.
711 2# - ADDED ENTRY--MEETING NAME
Meeting name or jurisdiction name as entry element Congreso Internacional de Participación Ciudadana de Madrid
Number of part/section/meeting (1ª.
Date of meeting 2004)
711 2# - ADDED ENTRY--MEETING NAME
Meeting name or jurisdiction name as entry element Seminario Municipal "Participación Ciudadana, un Elemento de Modernización del Gobierno Local"
Number of part/section/meeting (1ª.
Date of meeting 2004.
Location of meeting Madrid)
740 0# -
-- vLex Libros (Servicios en línea)
856 40 - LOCALIZACIÓN Y ACCESO ELECTRÓNICO
Identificador Uniforme del Recurso (URI/URL) https://app.vlex.com/#/sources/1377
942 ## -
-- RAA
999 ## -
-- 159128
-- 159128

No hay ítems disponibles.


CONTACTO


NOSOTROS


SITIOS DE INTERES

coordinacion.biblioteca.biblioteca@unienlinea.mx Misión, Visión y Objetivos Bases de datos
Directorio Bibliotecas Digitales y Repositorios
Normatividad Revistas y artículos
Convenios interbibliotecarios
Boletines



Hecho en México. Universidad Insurgentes (UIN). Todos los derechos reservados 2024. Esta página y sus contenidos pueden ser reproducidos con fines no lucrativos, siempre y cuando no se mutile, se cite la fuente completa y su dirección electrónicas. De otra forma requiere permiso previo por escrito de la institución




2024 Copyright Universidad Insurgentes | www.bibliouin.com.mx